00954nam a2200193Ia 4500999001500000003000900015005001700024008004100041040002800082090001500110110006300125245011300188260008900301300004500390650002700435942001200462952014300474952014300617 c2624d2624DO-SdBJH20180416034354.0180414s9999 dr 000 0 spa d aDO-SdBJHbspacDO-SdBJH aDM FB 030  aInstituto de Cooperación para la Seguridad Hemisférica10aFB 030 Fundamento de las operaciones tácticas / Instituto de Cooperación para la Seguridad Hemisférica aFort Leavenworth, Kansas : Escuela de Comando y Estado Myor del Ejército de EE.UU. aii, 351 páginas en varias paginaciones 4aOperaciones tácticas 2ddccBK 00102ddc40708DMaBEGEMbBEGEMcGENd2018-04-14i18-EERD-00920l0oDM FB 030 p18-EERD-00920r2018-04-14 00:00:00tEj.1w2018-04-14yBK 00102ddc40708DMaBEGEMbBEGEMcGENd2018-04-14i18-EERD-00921l0oDM FB 030 p18-EERD-00921r2018-04-14 00:00:00tEj.2w2018-04-14yBK